| 000 | 00857cam a22003017a 4500 | ||
|---|---|---|---|
| 001 | 14978369 | ||
| 005 | 20180125085055.0 | ||
| 008 | 070824s2008 paua 000 0 eng | ||
| 010 | _a 2007936010 | ||
| 015 |
_aGBA784310 _2bnb |
||
| 016 | 7 |
_a014100959 _2Uk |
|
| 020 | _a9781416038542 (pbk.) | ||
| 020 | _a141603854X (pbk.) | ||
| 035 | _a(OCoLC)ocn191890004 | ||
| 040 |
_aUKM _cUKM _dDLC |
||
| 041 | _aeng | ||
| 042 |
_aukblcatcopy _alccopycat |
||
| 080 | _a616.0754 jav | ||
| 082 | 0 | 4 |
_a616.0754 jav _222 |
| 100 | 1 | _a8 | |
| 101 | _aekz | ||
| 245 | 1 | 0 |
_aPhysical examination & health assessment / _cCarolyn Jarvis. |
| 246 | 3 | _aPhysical examination and health assessment | |
| 906 |
_a7 _bcbc _ccopycat _d2 _encip _f20 _gy-gencatlg |
||
| 942 |
_2ddc _cBK |
||
| 999 |
_c40965 _d40965 |
||